000 00490 a2200157 4500
001 57686
082 _a80283
090 _c35367
_d35367
100 _aShopware
245 _aElectrical components Part II: capacitors, fuses, flashers and coils, 14min [DVd video]
260 _aNJ
_bFilmes media group
_c2006
490 _aelectricity and electronics
500 _aCD/DVD
505 _aAvionics
600 _afilms for the huminities & sciences ; cambridge educational ; meridian education
942 _aNUST-CAE
_k80283
999 _c292759
_d292759